| 000 | 01438nam0a22003131 4500 | ||
|---|---|---|---|
| 001 | v19\rc\2066256 | ||
| 005 | 20251118181619.3 | ||
| 035 | _a(NLR Aleph) 005142118 | ||
| 090 |
_a4813597 _c4813597 |
||
| 100 | _a20081111d1916 u y0rusy50 ca | ||
| 101 | 0 | _arus | |
| 102 | _aRU | ||
| 105 | _aa z ||||| | ||
| 200 | 1 |
_aУкрепление летучих песков и обращение их в удобные земли _fСост. учен. лесовод В.П. Дробов |
|
| 210 |
_aПетроград _cтип. "Печатный труд" _d[1916] |
||
| 215 |
_a26 с., 11 ил. _d24 |
||
| 225 | 1 | _aИмператорский сельскохозяйственный музей. Сельскохозяйственные чтения народа и для нижних чинов. Программы изданы под ред. учен. агр. П.Н. Елагина | |
| 309 | _aБез тит. л. и обл. | ||
| 320 | _aБиблиогр.: "Пособия для лекторов", "Пособия для слушателей" (с. 25), "Световые картины" (с. 26) | ||
| 700 | 1 |
_aДробов _bВ.П. _f1885-1956 _gВасилий Петрович _4220 |
|
| 801 | 0 |
_aRU _bNLR _gpsbo |
|
| 801 | 0 |
_aRU _bRuMoRGB _2psbo |
|
| 801 | 1 |
_aRU _bProSoft-M _2rusmarc |
|
| 852 |
_aNLR _j20.41.3.22 |
||
| 899 |
_aRuMoRGB _jU 402/580 |
||
| 899 |
_aRuMoRGB _jV 113/1316 |
||
| 899 | _aНБ МГУ | ||
| 942 | _cBOOK | ||
| 980 | _aNB | ||